Регионална библиотека "Любен Каравелов" - Русе

Traite de pathologie interne (Запис номер 417468)

MARC детайли
000 -Лидер
Контролно поле с фиксирана дължина nam a22 a 4500
003 - Код на организацията, давaща контролен номер
Контролно поле BLK
005 - Дата и час на последна редакция
Контролно поле 20210928111901.0
008 - Елементи от данни с фиксирана дължина
fixed length control field 210602b bu |||||r|||| 00| | bu d
040 ## - Източник на каталожния запис
Идентификатор на билиотеката - собственик на записа BLK
041 ## - Код за език
Код за езика на текст/звукозапис или на отделно заглавие Френски
Код за езика КДБФ Френски
072 ## - Код за тематичната категория
9 (RLIN) 178367
Код за тематична категория Ц
Текст Редки и ценни
080 ## - УДК
Текстов определител УДК Патология. Клинична медицина
УДК код - определител по УДК 616
УДК - код + определител 616
100 ## - Редна дума - Автор
R(LIN) 1299
Автор Grisolle, Augustin
Авторска отговорност първи автор
139 ## - Редно поле
Редна дума Grisolle, Augustin
245 ## - Сведения за заглавието
Заглавие Traite de pathologie interne
Редно поле (дума) Augustin Grisolle
Подзаглавни данни Т.1-
Том Т.2
250 ## - Област на изданието
Сведения за изданието 9-e ed., 2-e tirage
260 ## - Област на издателските данни
9 (RLIN) 454685
Място на издаване, разпространение и проч. Paris
Име на издателя, разпространителя и проч. Victor Masson et fils
Година на издаване 1886-
300 ## - Физическа характеристика
Размери/Мащаб 24 cm
380 ## - Жанр
Жанр Медицина
490 ## - СЕРИИ (Колекции)
9 (RLIN) 435080
Име на серия Колекция Редки и ценни издания
650 #7 - Допълнително описание по предмет – тема
9 (RLIN) 165889
Основно описание – тема или топоним Патология
659 #7 - Тематичен бюлетин
9 (RLIN) 178164
Тематичен бюлетин Ц
Тематичен бюлетин - текст Редки и ценни
760 ## - Описание на основната серия
Редна дума на основното описание Grisolle, Augustin
Издание 9-e ed., 2-e tirage
Място на издаване, издател и година Paris, 1869
Свързани части Т.1-
Страници - том 1043 p.
Част - том T. 2
Заглавие Traite de pathologie interne
852 ## - Местоположение
Форматна сигнатура Рф 859
Фондова буква Редки и ценни
999 ## - СИСТЕМНИ КОНТРОЛНИ НОМЕРА
Koha biblionumber 417468
Koha biblioitemnumber 417468
942 ## - АРТИКУЛИ
Вид на библиотечния материал Книги
Скрит в OPAC Не
Периодичен библиозапис Да
944 ## - СЪЗДАВАНЕ И РЕДАКЦИЯ на ЗАПИСА
Създаване/Редакция Създаване
Дата на регистрацията/редакция 2021-06-02
Служител, извършил регистрацията/редакцията А.М.
999 ## - СИСТЕМНИ КОНТРОЛНИ НОМЕРА
Koha biblioitemnumber 417468
999 ## - СИСТЕМНИ КОНТРОЛНИ НОМЕРА
Koha biblioitemnumber 417468
999 ## - СИСТЕМНИ КОНТРОЛНИ НОМЕРА
Koha biblioitemnumber 417468
Наличности
Код за отписване Код за изгубен артикул Източник на класификационната схема Код за повреда Коз за рестрикции Код за отдаване Артикулен № Име на библиотеката - собственик Име на библиотеката, в която се намира в момента Статус (Текущо местоположение) Дата на вписване в системата Местоположение - отдел Цена в лева Инвентарен номер Систематично азбучна сигнатура Баркод Цена в евро Служебен тип на артикула
  Не е изгубен Universal Decimal Classification Не е повреден само за читалня Специални фондове ( старопечатни, редки и ценни, фонд М. Арнаудов) 854642 Регионална библиотека "Любен Каравелов" Русе Регионална библиотека "Любен Каравелов" Русе Редки и ценни 2021-09-24 Редки и ценни 2.10 10271-ІІ Рф 869 900000062449 1.07 Книги
Vip Innovations Ltd, Rousse, Bulgaria 2025